[Event "PNWCC Online Blitz JP 8"]
[Site "chess.com INT"]
[Date "2020.05.02"]
[Round "3"]
[White "Yan, Ruiyang"]
[Black "Gabrielian, A."]
[Result "1/2-1/2"]
[WhiteElo "2093"]
[BlackElo "2463"]
[PlyCount "196"]
[EventDate "2020.05.02"]
[EventType "swiss (blitz)"]
[EventRounds "11"]
[SourceTitle "Updates"]
[Source "OMOTB"]
[SourceDate "2020.10.26"]
[SourceVersion "3"]
[SourceVersionDate "2020.10.27"]
[SourceQuality "2"]

1. e4 c5 2. Nf3 d6 3. d4 cxd4 4. Nxd4 Nf6 5. Nc3 Nc6 6. Be2 e5 7. Nb3 Be7 8.
O-O O-O 9. Bf3 a5 10. a4 Nb4 11. Re1 Be6 12. Nd2 d5 13. exd5 Nfxd5 14. Nxd5
Bxd5 15. Bxd5 Qxd5 16. Ra3 Rad8 17. Rae3 f6 18. b3 Bc5 19. R3e2 Rfe8 20. Ba3
Na2 21. Qa1 Bxa3 22. Qxa2 Bb4 23. Rd1 e4 24. Qa1 Qh5 25. f3 Bxd2 26. Rdxd2 Rxd2
27. Rxd2 exf3 28. Qd1 Qc5+ 29. Kh1 f2 30. Re2 Rxe2 31. Qxe2 Kf8 32. h3 h5 33.
g3 Qxc2 34. Qxc2 f1=Q+ 35. Kh2 Qe1 36. Qc8+ Qe8 37. Qxb7 Qe2+ 38. Qg2 Qe3 39.
Qa8+ Kf7 40. Qd5+ Kg6 41. Qxa5 Qf2+ 42. Kh1 Qf3+ 43. Kh2 Qf2+ 44. Kh1 Qxg3 45.
Qd5 Qxh3+ 46. Kg1 Qe3+ 47. Kh1 h4 48. a5 Qh3+ 49. Kg1 Qe3+ 50. Kh1 Kh6 51. a6
Qe1+ 52. Kh2 Qe2+ 53. Kh3 Qxa6 54. Kxh4 Qe2 55. Kg3 g5 56. Qf5 Qe3+ 57. Kg2
Qd2+ 58. Kg3 Qc3+ 59. Kg2 Qb2+ 60. Kf1 Kg7 61. Qd7+ Kg6 62. Qe8+ Kf5 63. Qd7+
Kf4 64. Qd6+ Qe5 65. Qd2+ Kf5 66. Qd3+ Qe4 67. Qd7+ Kf4 68. Qd6+ Qe5 69. Qd2+
Kg4 70. Qg2+ Kf5 71. Qc2+ Ke6 72. Qc8+ Kf7 73. Qc4+ Kg7 74. b4 Qa1+ 75. Kf2
Qb2+ 76. Kf3 f5 77. Qc7+ Kg6 78. Qc6+ Qf6 79. Qe8+ Qf7 80. Qc6+ Kh5 81. b5 Qb3+
82. Kf2 g4 83. Qe8+ Kg5 84. Qe7+ Kf4 85. Qd6+ Ke4 86. Qc6+ Qd5 87. Qc2+ Ke5 88.
Qb2+ Kd6 89. b6 Qf3+ 90. Kg1 Qg3+ 91. Kf1 Qd3+ 92. Kg1 Qe3+ 93. Kf1 Qh3+ 94.
Kg1 Qe3+ 95. Kf1 Qf4+ 96. Kg1 Qg3+ 97. Kf1 Qh3+ 98. Kg1 Qe3+ 1/2-1/2

[Event "HUN-GER April w online m"]
[Site "chess.com INT"]
[Date "2020.04.21"]
[Round "1"]
[White "Lubbe, Melanie"]
[Black "Gara, T."]
[Result "0-1"]
[WhiteElo "2287"]
[BlackElo "2371"]
[PlyCount "126"]
[EventDate "2020.04.21"]
[EventType "team-schev (rapid)"]
[EventRounds "4"]
[SourceTitle "Updates"]
[Source "OMOTB"]
[SourceDate "2020.10.26"]
[SourceVersion "3"]
[SourceVersionDate "2020.10.27"]
[SourceQuality "2"]
[WhiteTeam "Germany"]
[BlackTeam "Hungary"]
[WhiteTeamCountry "GER"]
[BlackTeamCountry "HUN"]

1. e4 c5 2. Nf3 d6 3. d4 Nf6 4. Nc3 cxd4 5. Nxd4 Nc6 6. Be2 e5 7. Nf3 h6 8. O-O
Be7 9. h3 O-O 10. Re1 Be6 11. Bf1 Qa5 12. Bd2 Qd8 13. a4 Rc8 14. Bc1 a6 15. Nd5
Bxd5 16. exd5 Nb4 17. c4 a5 18. Be3 Nd7 19. Nd2 f5 20. f4 e4 21. Nb3 Bh4 22.
Re2 Nd3 23. Nd4 N7c5 24. Rc2 Bf6 25. Ra3 Bxd4 26. Bxd4 Qh4 27. Bxd3 Nxd3 28.
Be3 Nxf4 29. Rb3 Rf7 30. Qd2 Nd3 31. Rb6 Qg3 32. Rc3 Qe5 33. Kh1 f4 34. Bg1 Re8
35. Bh2 e3 36. Qxd3 e2 37. Rc1 e1=Q+ 38. Rxe1 Qxe1+ 39. Bg1 f3 40. gxf3 Qg3 41.
Qf1 Rxf3 42. Qg2 Qxh3+ 43. Qxh3 Rxh3+ 44. Kg2 Rh4 45. b3 Rg4+ 46. Kf2 Rf8+ 47.
Ke2 Rxg1 48. Rxd6 Re8+ 49. Kd3 Kf7 50. Rd7+ Re7 51. Rd8 Rg3+ 52. Kd4 Rxb3 53.
d6 Re8 54. Rd7+ Ke6 55. Rxg7 Kxd6 56. Rg6+ Re6 57. c5+ Kd7 58. Rg7+ Re7 59. Rg6
Rb4+ 60. Kd5 Rf7 61. Rd6+ Kc7 62. Ke5 Re7+ 63. Kd5 Rd7 0-1

[Event "2nd ITT FENAMAC GpA 2020"]
[Site "Mexico City MEX"]
[Date "2020.03.12"]
[Round "1.5"]
[White "Corrales Jimenez, Z."]
[Black "Cori Quispe, Kevin Joel"]
[Result "1/2-1/2"]
[WhiteElo "2194"]
[BlackElo "2493"]
[PlyCount "48"]
[EventDate "2020.03.12"]
[EventType "tourn"]
[EventRounds "9"]
[EventCountry "MEX"]
[EventCategory "3"]
[SourceTitle "Updates"]
[Source "OMOTB"]
[SourceDate "2020.10.26"]
[SourceVersion "3"]
[SourceVersionDate "2020.10.27"]
[SourceQuality "2"]

1. e4 c5 2. Nf3 Nc6 3. d4 cxd4 4. Nxd4 Nf6 5. Nc3 d6 6. Be2 e5 7. Nb3 Be7 8.
Bg5 O-O 9. Bxf6 Bxf6 10. Nd5 Bg5 11. Bc4 Be6 12. c3 Rc8 13. Qd3 Kh8 14. O-O g6
15. Rad1 f5 16. Ne3 fxe4 17. Qxd6 Bxc4 18. Nxc4 e3 19. Nxe3 Bxe3 20. Qxd8 Bxf2+
21. Rxf2 Rfxd8 22. Rxd8+ Rxd8 23. Nc5 b6 24. Ne4 Rd1+ 1/2-1/2

[Event "36th ChessOrg Open"]
[Site "Bad Woerishofen GER"]
[Date "2020.03.09"]
[Round "4.23"]
[White "Woerl, R."]
[Black "Heinbuch, D."]
[Result "1/2-1/2"]
[WhiteElo "2060"]
[BlackElo "2283"]
[PlyCount "30"]
[EventDate "2020.03.06"]
[EventType "swiss"]
[EventRounds "9"]
[EventCountry "GER"]
[SourceTitle "Updates"]
[Source "OMOTB"]
[SourceDate "2020.10.26"]
[SourceVersion "3"]
[SourceVersionDate "2020.10.27"]
[SourceQuality "2"]

1. e4 c5 2. Nf3 Nc6 3. d4 cxd4 4. Nxd4 Nf6 5. Nc3 d6 6. Be2 e5 7. Nb3 Be7 8.
Be3 Be6 9. f3 O-O 10. O-O Rc8 11. Qd2 d5 12. exd5 Nxd5 13. Nxd5 Qxd5 14. Qxd5
Bxd5 15. c3 Be6 1/2-1/2

[Event "ch-URU Semi-Final 2020"]
[Site "Montevideo URU"]
[Date "2020.02.24"]
[Round "6.3"]
[White "Curi, G."]
[Black "Larrea, M."]
[Result "1-0"]
[WhiteElo "2132"]
[BlackElo "2243"]
[PlyCount "135"]
[EventDate "2020.02.21"]
[EventType "swiss"]
[EventRounds "8"]
[EventCountry "URU"]
[SourceTitle "OM OTB B 201907"]
[Source "Opening Master"]
[SourceDate "2019.07.06"]
[SourceVersion "2"]
[SourceVersionDate "2019.07.06"]
[SourceQuality "1"]

1. e4 c5 2. Nf3 Nc6 3. d4 cxd4 4. Nxd4 Nf6 5. Nc3 d6 6. Be2 e5 7. Nf3 h6 8. O-O
Be7 9. Re1 O-O 10. h3 Be6 11. Bf1 Qd7 12. Nd5 Nh7 13. c4 Bd8 14. b4 Bxd5 15.
cxd5 Nxb4 16. Rb1 a5 17. a3 Na6 18. Be3 Nf6 19. Bb5 Qe7 20. Bxa6 Rxa6 21. Qa4
b6 22. Rec1 Bc7 23. Nd2 Rb8 24. Rc6 Ra7 25. Qc4 Rab7 26. a4 Bd8 27. Rb2 Nd7 28.
Nb1 Nc5 29. Nc3 Kh7 30. Nb5 Bc7 31. f4 exf4 32. Bxf4 Rd8 33. Re2 Bb8 34. Bg3
Qf6 35. Kh2 Qa1 36. Nd4 Nd7 37. Nc2 Qb1 38. Rf2 Ne5 39. Bxe5 dxe5 40. Rf1 Qb2
41. Ne3 Qd4 42. Nf5 Qxc4 43. Rxc4 g6 44. Ne3 Bd6 45. Rb1 Rdd7 46. Rc6 Bb8 47.
Nc4 Kg7 48. g4 Rdc7 49. Rbxb6 Rxb6 50. Nxb6 Rb7 51. Kg2 Ba7 52. Nc4 Bd4 53. d6
Kf6 54. Rc7 Rb4 55. d7 Ke7 56. Nxa5 Rb2+ 57. Kf3 Kd8 58. Nc6+ Kxc7 59. d8=Q+
Kxc6 60. Qd5+ Kb6 61. h4 Rf2+ 62. Kg3 Rf4 63. Qb5+ Ka7 64. Qd7+ Ka6 65. Qc6+
Ka7 66. a5 h5 67. a6 Rxg4+ 68. Kh3 1-0

[Event "BUCA 2020"]
[Site "Birmingham ENG"]
[Date "2020.02.22"]
[Round "2.2"]
[White "Bhattacharjee, Sourav"]
[Black "Chan, Sheng Liang Bernard"]
[Result "1-0"]
[WhiteElo "2192"]
[BlackElo "1823"]
[PlyCount "75"]
[EventDate "2020.02.22"]
[EventType "team"]
[EventRounds "5"]
[EventCountry "ENG"]
[SourceTitle "OM OTB B 201907"]
[Source "Opening Master"]
[SourceDate "2019.07.06"]
[SourceVersion "2"]
[SourceVersionDate "2019.07.06"]
[SourceQuality "1"]
[WhiteTeam "Imperial 1"]
[BlackTeam "Leeds 1"]

1. e4 c5 2. Nf3 d6 3. Nc3 Nf6 4. d4 cxd4 5. Nxd4 Nc6 6. Be2 e5 7. Nf3 Be7 8.
O-O h6 9. Re1 Be6 10. Bf1 O-O 11. Nd5 Bg4 12. h3 Bh5 13. Nxf6+ Bxf6 14. c3 Rc8
15. Qd3 Qe7 16. b3 Rfd8 17. Ba3 Qc7 18. Nd2 Bg6 19. Qf3 a6 20. Nc4 b5 21. Ne3
Ne7 22. Bb2 Qb7 23. Ng4 Bg5 24. Rad1 f5 25. exf5 Qxf3 26. gxf3 Bxf5 27. c4 Bc2
28. cxb5 Bxd1 29. Rxd1 axb5 30. Bxb5 Bf4 31. a4 h5 32. Ne3 Bxe3 33. fxe3 Kf7
34. Rd2 Nf5 35. Kf2 Ke6 36. e4 Nh4 37. Bc4+ Ke7 38. Ba3 1-0

[Event "19th Burgdorf Open 2020"]
[Site "Burgdorf SUI"]
[Date "2020.02.16"]
[Round "4.5"]
[White "Pahud, C."]
[Black "Shishkin, Va UKR"]
[Result "0-1"]
[WhiteElo "2225"]
[BlackElo "2462"]
[PlyCount "62"]
[EventDate "2020.02.14"]
[EventType "swiss"]
[EventRounds "5"]
[EventCountry "SUI"]
[SourceTitle "OM OTB B 201907"]
[Source "Opening Master"]
[SourceDate "2019.07.06"]
[SourceVersion "2"]
[SourceVersionDate "2019.07.06"]
[SourceQuality "1"]

1. e4 c5 2. Nf3 Nc6 3. d4 cxd4 4. Nxd4 Nf6 5. Nc3 d6 6. Be2 e5 7. Nf3 h6 8. O-O
Be7 9. Re1 O-O 10. Bf1 Bg4 11. h3 Bh5 12. Be3 Rc8 13. a3 a6 14. Rc1 Na5 15. g4
Bg6 16. Nh4 Nc4 17. Nxg6 fxg6 18. Bxc4+ Rxc4 19. Nd5 Kh7 20. Qd3 Rc8 21. c4
Nxd5 22. exd5 Bg5 23. Qe4 Bxe3 24. Qxe3 Rc7 25. f3 Rf4 26. b3 Rcf7 27. Rc3 Qh4
28. Qf2 Qxh3 29. Qg2 Qh4 30. Qf2 Rxg4+ 31. Kf1 Qh3+ 0-1

[Event "PRO League Group Stage"]
[Site "chess.com INT"]
[Date "2020.02.13"]
[Round "6"]
[White "Heberla, B."]
[Black "Blomqvist, E."]
[Result "1-0"]
[WhiteElo "2575"]
[BlackElo "2538"]
[PlyCount "89"]
[EventDate "2020.01.06"]
[EventType "team (rapid)"]
[EventRounds "7"]
[EventCountry "USA"]
[SourceTitle "OM OTB B 201907"]
[Source "Opening Master"]
[SourceDate "2019.07.06"]
[SourceVersion "2"]
[SourceVersionDate "2019.07.06"]
[SourceQuality "1"]
[WhiteTeam "Poland Hussars"]
[BlackTeam "Sweden Wasabis"]

1. e4 c5 2. Nf3 d6 3. d4 cxd4 4. Nxd4 Nf6 5. Nc3 Nc6 6. Be2 e5 7. Nf3 h6 8. O-O
Be7 9. Re1 O-O 10. h3 Be6 11. Bf1 Qc7 12. Nb5 Qb8 13. c4 Rc8 14. b3 a6 15. Nc3
Nd7 16. Nd5 Bd8 17. Be3 b5 18. Rc1 b4 19. Qd2 Kh7 20. Red1 a5 21. Qc2 a4 22. g3
Nc5 23. h4 axb3 24. axb3 Ra3 25. Rb1 Qb7 26. Kh2 Rca8 27. Nd2 Ra2 28. Rb2 Rxb2
29. Qxb2 Ra3 30. Qc2 Qa8 31. Rb1 Ra2 32. Rb2 Ra1 33. Rb1 Qa2 34. Rb2 Qa3 35.
Bh3 g5 36. hxg5 hxg5 37. Bf5+ Kg7 38. Kg2 g4 39. Nb1 Qa8 40. Qe2 Ne7 41. Qxg4+
Ng6 42. Qh5 Bxd5 43. cxd5 Nd3 44. Bh6+ Kg8 45. Bxg6 1-0

[Event "4th Marcel Duchamp Cup"]
[Site "Montevideo URU"]
[Date "2020.02.08"]
[Round "1.22"]
[White "Campora, Edgardo"]
[Black "Larrea, M."]
[Result "0-1"]
[WhiteElo "1676"]
[BlackElo "2243"]
[PlyCount "30"]
[EventDate "2020.02.08"]
[EventType "swiss"]
[EventRounds "9"]
[EventCountry "URU"]
[SourceTitle "OM OTB B 201907"]
[Source "Opening Master"]
[SourceDate "2019.07.06"]
[SourceVersion "2"]
[SourceVersionDate "2019.07.06"]
[SourceQuality "1"]

1. e4 c5 2. Nf3 Nc6 3. d4 cxd4 4. Nxd4 Nf6 5. Nc3 d6 6. Be2 e5 7. Nb3 Be7 8.
Be3 O-O 9. O-O a5 10. Nd2 Be6 11. Nc4 b5 12. Nxb5 Nxe4 13. f3 Nf6 14. Ncxd6 Nd5
15. Nc4 Nxe3 0-1

[Event "40th TCh-IND 2020"]
[Site "Ahmedabad IND"]
[Date "2020.02.07"]
[Round "1.3"]
[White "Vedant, Nitin Vekhande"]
[Black "Harshavardhan, G B."]
[Result "0-1"]
[WhiteElo "1723"]
[BlackElo "2377"]
[PlyCount "102"]
[EventDate "2020.02.07"]
[EventType "team"]
[EventRounds "9"]
[EventCountry "IND"]
[SourceTitle "OM OTB B 201907"]
[Source "Opening Master"]
[SourceDate "2019.07.06"]
[SourceVersion "2"]
[SourceVersionDate "2019.07.06"]
[SourceQuality "1"]
[WhiteTeam "Maharashtra B"]
[BlackTeam "Airports Authority of India"]

1. e4 c5 2. Nf3 d6 3. d4 cxd4 4. Nxd4 Nf6 5. Nc3 Nc6 6. Be2 e5 7. Nb3 Be7 8.
Be3 O-O 9. O-O a5 10. Bf3 a4 11. Nd2 Be6 12. Nd5 Bxd5 13. exd5 Nb4 14. c4 Qd7
15. g3 Ne8 16. b3 a3 17. Qc1 f5 18. Qc3 Na6 19. Rae1 Bf6 20. Bg2 e4 21. Bd4
Bxd4 22. Qxd4 Nb4 23. Re2 Nf6 24. Nb1 b5 25. Qc3 Na6 26. f3 bxc4 27. bxc4 exf3
28. Bxf3 Qa7+ 29. Kg2 Nc5 30. Re3 Nce4 31. Qc1 Qd4 32. Rxa3 Rxa3 33. Nxa3 Ra8
34. Be2 Nd2 35. Rd1 Nfe4 36. Rxd2 Nxd2 37. Nc2 Qc3 38. a3 Rb8 39. Qe1 Qxc2 40.
Bf1 Nxf1+ 41. Kxf1 Rb1 42. Qxb1 Qxb1+ 43. Ke2 Qc2+ 44. Ke3 Qxc4 45. h3 Qxd5 46.
g4 Qe4+ 47. Kf2 f4 48. h4 Qe3+ 49. Kg2 Qe2+ 50. Kh3 Qf2 51. a4 Qg3# 0-1

[Event "TCh-CAT Gp2 2020"]
[Site "Barcelona ESP"]
[Date "2020.02.01"]
[Round "3.5"]
[White "Montell Lorenzo, J."]
[Black "Gonzalez Hernandez, F."]
[Result "1-0"]
[WhiteElo "2247"]
[BlackElo "2194"]
[PlyCount "53"]
[EventDate "2020.01.18"]
[EventType "team"]
[EventRounds "7"]
[EventCountry "ESP"]
[SourceTitle "OM OTB B 201907"]
[Source "Opening Master"]
[SourceDate "2019.07.06"]
[SourceVersion "2"]
[SourceVersionDate "2019.07.06"]
[SourceQuality "1"]
[WhiteTeam "CLUB D'ESCACS SALAURIS"]
[BlackTeam "SANT ANDREU C.E"]

1. e4 c5 2. Nf3 Nc6 3. d4 cxd4 4. Nxd4 Nf6 5. Nc3 d6 6. Be2 e5 7. Nf3 h6 8. O-O
Be7 9. Re1 O-O 10. h3 a6 11. a3 b5 12. Bf1 Qc7 13. g4 b4 14. Nd5 Nxd5 15. exd5
Nb8 16. axb4 f5 17. g5 f4 18. gxh6 Rf6 19. c4 Rxh6 20. Kh2 Bg4 21. Qb3 Nd7 22.
Bxf4 Rh5 23. Bg3 Rf8 24. Ng1 Qb6 25. c5 dxc5 26. d6+ c4 27. Qxc4+ 1-0

[Event "Turkish Cup 2020"]
[Site "Antalya TUR"]
[Date "2020.01.31"]
[Round "9.78"]
[White "Yildirim, Ibrahim Halil"]
[Black "Yakar, Azat"]
[Result "1-0"]
[WhiteElo "1794"]
[BlackElo "1469"]
[PlyCount "143"]
[EventDate "2020.01.26"]
[EventType "swiss"]
[EventRounds "11"]
[EventCountry "TUR"]
[SourceTitle "OM OTB B 201907"]
[Source "Opening Master"]
[SourceDate "2019.07.06"]
[SourceVersion "2"]
[SourceVersionDate "2019.07.06"]
[SourceQuality "1"]

1. e4 c5 2. Nf3 d6 3. d4 cxd4 4. Nxd4 Nf6 5. Nc3 Nc6 6. Be2 e5 7. Ndb5 a6 8.
Na3 b5 9. Nd5 Be7 10. f3 O-O 11. c3 Be6 12. Nc2 Bxd5 13. exd5 Nb8 14. a4 bxa4
15. Rxa4 Nbd7 16. Rxa6 Rxa6 17. Bxa6 Qb6 18. Bc4 e4 19. f4 g6 20. b3 Nh5 21.
Be3 Qa5 22. Qa1 Qc7 23. O-O Ng7 24. Qa7 Qc8 25. Qa6 Qc7 26. Qc6 Qd8 27. Bb5 Nb8
28. Qb7 Bf6 29. Bb6 Qc8 30. Qxc8 Rxc8 31. c4 Bc3 32. Bd4 Bd2 33. Ne3 Rd8 34.
Rd1 Bxe3+ 35. Bxe3 Nd7 36. Bxd7 Rxd7 37. g4 f5 38. g5 Rb7 39. Rb1 Kf7 40. Kf2
Ke7 41. Bd4 Ne8 42. b4 Nc7 43. b5 Na8 44. Ra1 Nc7 45. Ra7 Rxa7 46. Bxa7 Kd7 47.
Ke2 Kc8 48. Kd2 Kb7 49. Be3 Na8 50. Kc3 Nb6 51. Kd4 Na4 52. Bd2 Kc7 53. Bb4 Nb6
54. c5 dxc5+ 55. Bxc5 Nd7 56. Bb4 Kb6 57. Kc4 Kc7 58. Ba5+ Kd6 59. Bb4+ Kc7 60.
Bc3 Nb6+ 61. Kd4 Nd7 62. Ba5+ Kd6 63. b6 Nb8 64. Bb4+ Kd7 65. Ke5 Na6 66. Bc3
Nc5 67. Kf6 e3 68. Kg7 Ne4 69. Ba5 Kc8 70. Kxh7 e2 71. Kxg6 Nc3 72. Bxc3 1-0

[Event "Turkish Cup 2020"]
[Site "Antalya TUR"]
[Date "2020.01.29"]
[Round "6.108"]
[White "Karanlik, S."]
[Black "Ozsoy, Damla"]
[Result "0-1"]
[WhiteElo "1575"]
[BlackElo "1440"]
[PlyCount "54"]
[EventDate "2020.01.26"]
[EventType "swiss"]
[EventRounds "11"]
[EventCountry "TUR"]
[SourceTitle "OM OTB B 201907"]
[Source "Opening Master"]
[SourceDate "2019.07.06"]
[SourceVersion "2"]
[SourceVersionDate "2019.07.06"]
[SourceQuality "1"]

1. e4 c5 2. Nf3 d6 3. d4 cxd4 4. Nxd4 Nf6 5. Nc3 Nc6 6. Be2 e5 7. Nb3 Be7 8.
Be3 Be6 9. O-O O-O 10. f4 exf4 11. Bxf4 d5 12. exd5 Nxd5 13. Nxd5 Bxd5 14. c3
Qb6+ 15. Kh1 Rfd8 16. Qc2 Bd6 17. Bxd6 Rxd6 18. c4 Nb4 19. Qc3 Rc6 20. c5 Qc7
21. Qxb4 Re8 22. Bf3 Rh6 23. h3 Rxh3+ 24. Kg1 Qh2+ 25. Kf2 Qg3+ 26. Kg1 Re2 27.
Qf4 Rxg2+ 0-1

[Event "Turkish Cup 2020"]
[Site "Antalya TUR"]
[Date "2020.01.27"]
[Round "3.3"]
[White "Ozen, Bahadir"]
[Black "Kul, Ozdemir Efe"]
[Result "1/2-1/2"]
[WhiteElo "2389"]
[BlackElo "1979"]
[PlyCount "50"]
[EventDate "2020.01.26"]
[EventType "swiss"]
[EventRounds "11"]
[EventCountry "TUR"]
[SourceTitle "OM OTB B 201907"]
[Source "Opening Master"]
[SourceDate "2019.07.06"]
[SourceVersion "2"]
[SourceVersionDate "2019.07.06"]
[SourceQuality "1"]

1. e4 c5 2. Nf3 Nc6 3. d4 cxd4 4. Nxd4 Nf6 5. Nc3 d6 6. Be2 e5 7. Nb3 Be7 8.
O-O O-O 9. Kh1 Be6 10. f4 exf4 11. Bxf4 d5 12. exd5 Nxd5 13. Nxd5 Bxd5 14. Bf3
Bc4 15. Re1 Bh4 16. Re4 Bxb3 17. axb3 Re8 18. Qxd8 Rexd8 19. Rc4 Bf6 20. c3 g5
21. Bxc6 bxc6 22. Be3 Rd6 23. Re4 Rad8 24. Re1 R8d7 25. g4 Rd1 1/2-1/2

[Event "ST-00134"]
[Site "corr LSS"]
[Date "2020.01.18"]
[Round "?"]
[White "Canizares Cuadra, Pedro"]
[Black "Wosch, Arkadiusz"]
[Result "1/2-1/2"]
[WhiteElo "2376"]
[BlackElo "2438"]
[PlyCount "87"]
[EventDate "2020.01.18"]
[SourceTitle "LSS to Dec2020"]
[Source "LSS ed TH"]
[SourceDate "2021.01.12"]
[SourceVersion "3"]
[SourceVersionDate "2021.01.12"]
[SourceQuality "1"]

1. e4 c5 2. Nf3 Nc6 3. d4 cxd4 4. Nxd4 Nf6 5. Nc3 d6 6. Be2 e5 7. Nf3 h6 8. O-O
Be7 9. Re1 O-O 10. h3 Bd7 11. Nh2 Nd4 12. Bd3 Ne6 13. a4 Nc5 14. Nf1 Be6 15.
Ne3 a6 16. a5 Rc8 17. Qe2 Re8 18. Bd2 Qc7 19. Reb1 Nxd3 20. Qxd3 Qc5 21. Ra4
Nh5 22. Ned5 Bxd5 23. exd5 Rf8 24. Qf5 g5 25. Rba1 Ng7 26. Qd7 Qc7 27. Qxc7
Rxc7 28. g4 f5 29. Rb4 Kh7 30. Ra3 Bf6 31. gxf5 Nxf5 32. Ne4 Bd8 33. Rf3 Kg6
34. c3 h5 35. Rd3 Rg7 36. Ra4 Kf7 37. Rf3 Kg8 38. Ng3 Nxg3 39. Rxg3 Rf5 40. Be3
Kh7 41. Kf1 Rgf7 42. Ke2 e4 43. Rxe4 Rxd5 44. b4 1/2-1/2

[Event "18th Caspian Cup 2020"]
[Site "Rasht IRI"]
[Date "2020.01.12"]
[Round "5.8"]
[White "Bedard, Eugene"]
[Black "Galatola, Alain"]
[Result "0-1"]
[WhiteElo "2306"]
[BlackElo "2603"]
[PlyCount "92"]
[EventDate "2020.02.13"]
[EventType "swiss"]
[EventRounds "9"]
[EventCountry "IRI"]
[SourceTitle "The Week in Chess 1314"]
[Source "Mark Crowther"]
[SourceDate "2020.01.13"]
[SourceVersion "1"]
[SourceVersionDate "2020.01.13"]
[SourceQuality "2"]

1. e4 c5 2. Nf3 d6 3. d4 cxd4 4. Nxd4 Nf6 5. Nc3 Nc6 6. Be2 e5 7. Nb3 Be7 8.
O-O O-O 9. Bf3 a5 10. a4 Nb4 11. Nb5 d5 12. exd5 e4 13. Be2 Nbxd5 14. Bg5 h6
15. Bh4 Bf5 16. Re1 Rc8 17. N3d4 Bg6 18. Bg3 Re8 19. c3 Bf8 20. Qb3 e3 21. Rad1
Ne4 22. Nf3 Qb6 23. Nbd4 exf2+ 24. Bxf2 Nxf2 25. Kxf2 Qxb3 26. Nxb3 Ne3 27. Rd7
Ng4+ 28. Kg1 b6 29. Bb5 Rxe1+ 30. Nxe1 Ne5 31. Rb7 Rd8 32. Be2 Nd7 33. Nf3 Be4
34. Rc7 Bd6 35. Rc4 f5 36. Rd4 Nc5 37. Nbd2 Bc6 38. b4 Nxa4 39. Ne5 Be8 40.
Bc4+ Kf8 41. Rd3 Nxc3 42. bxa5 bxa5 43. Nb3 a4 44. Na5 Bc7 45. Rxc3 Bxe5 46.
Rf3 g6 0-1

[Event "20th Mediterranean Flower"]
[Site "Rijeka CRO"]
[Date "2020.01.03"]
[Round "1.9"]
[White "El Hadji Saidou Nourou BA"]
[Black "Hrdlica, Pavel"]
[Result "1/2-1/2"]
[WhiteElo "1852"]
[BlackElo "2342"]
[PlyCount "153"]
[EventDate "2020.03.01"]
[EventType "tourn"]
[EventRounds "9"]
[EventCountry "CRO"]
[SourceTitle "The Week in Chess 1313"]
[Source "Mark Crowther"]
[SourceDate "2020.01.06"]
[SourceVersion "1"]
[SourceVersionDate "2020.01.06"]
[SourceQuality "2"]

1. e4 c5 2. Nf3 d6 3. d4 cxd4 4. Nxd4 Nf6 5. Nc3 Nc6 6. Be2 e5 7. Nb3 Be7 8.
O-O O-O 9. Be3 a5 10. a4 Nb4 11. f3 Be6 12. Bg5 Nxc2 13. Qxc2 Qb6+ 14. Kh1 Bxb3
15. Qd2 Qb4 16. Bb5 Rfd8 17. Bxf6 Bxf6 18. Qe3 Rac8 19. Rfe1 h6 20. g3 Rc5 21.
h4 Be6 22. Re2 Be7 23. Rd1 Rf8 24. Rd5 Bxd5 25. Nxd5 Rxd5 26. exd5 f5 27. Qc3
Qxc3 28. bxc3 f4 29. Kg2 h5 30. Re4 fxg3 31. Kxg3 Bd8 32. Rc4 Kh7 33. Re4 Kh6
34. Bd3 Bb6 35. Be2 Rf6 36. Bd3 g5 37. Be2 Rf8 38. Rc4 Bc5 39. Re4 Rg8 40. Kh3
Bf2 41. hxg5+ Kxg5 42. Rc4 Bc5 43. Rh4 Rf8 44. f4+ exf4 45. Rxh5+ Kg6 46. Kg4
Be3 47. Bd3+ Kf6 48. Rf5+ Ke7 49. Rxf8 Kxf8 50. Bb5 Kf7 51. Bd7 Ke7 52. Bb5 Kf6
53. c4 Ke5 54. Kf3 Kd4 55. Ke2 Ke4 56. Bd7 f3+ 57. Kf1 Kd3 58. Bc8 b5 59. cxb5
Bb6 60. Bg4 Ke4 61. Be6 Kd4 62. Bg4 Kxd5 63. Bxf3+ Kc4 64. Ke1 Kc3 65. Bd1 d5
66. Be2 d4 67. Kd1 Kb3 68. Kc1 Kxa4 69. Kb2 Kb4 70. Bd3 Kc5 71. Kb3 Kd5 72. Bc2
Ke5 73. Kc4 Kf4 74. Kd3 Ke5 75. Kc4 Kd6 76. Ba4 Bc5 77. Bc2 1/2-1/2

[Event "5th IIFL Wealth Mumbai Op"]
[Site "Mumbai IND"]
[Date "2019.12.31"]
[Round "2.29"]
[White "Vatsal, Singhania"]
[Black "Gupta, Ab"]
[Result "1/2-1/2"]
[WhiteElo "2252"]
[BlackElo "2611"]
[PlyCount "203"]
[EventDate "2019.12.30"]
[EventType "swiss"]
[EventRounds "9"]
[EventCountry "IND"]
[SourceTitle "OM OTB B 201907"]
[Source "Opening Master"]
[SourceDate "2019.07.06"]
[SourceVersion "2"]
[SourceVersionDate "2019.07.06"]
[SourceQuality "1"]

1. e4 c5 2. Nf3 d6 3. d4 cxd4 4. Nxd4 Nf6 5. Nc3 Nc6 6. Be2 e5 7. Nf3 h6 8. O-O
Be7 9. Re1 O-O 10. h3 a6 11. a4 Be6 12. Bf1 Rc8 13. b3 Nb4 14. Bb2 Rc5 15. Ba3
a5 16. Nb5 Nxc2 17. Bxc5 Nxe1 18. Qxe1 dxc5 19. Rb1 c4 20. Bxc4 Bxc4 21. bxc4
Bb4 22. Qe3 Qc8 23. Nxe5 Re8 24. Rxb4 axb4 25. Nd6 Qe6 26. Nxe8 Nxe8 27. Qd4
Qf6 28. c5 b3 29. Qb2 Nc7 30. Nc4 Qxb2 31. Nxb2 Kf8 32. Kf1 Ke7 33. Ke2 Ne6 34.
Kd3 Nxc5+ 35. Kd4 Kd6 36. f3 Kc6 37. Kc3 g5 38. Nc4 f6 39. Ne3 Kd7 40. Nf5 h5
41. a5 h4 42. Nd4 Kd6 43. Kb2 Ke5 44. Nf5 Ke6 45. Nd4+ Kd7 46. Kc3 b2 47. Kxb2
Nd3+ 48. Kc3 Nf4 49. Nb3 Nxg2 50. e5 fxe5 51. Nc5+ Kc6 52. Ne4 Nf4 53. Nxg5 Kb5
54. Nf7 Nxh3 55. Nxe5 Ng1 56. f4 h3 57. Ng4 Ne2+ 58. Kd3 Nxf4+ 59. Ke4 Ne6 60.
Nf2 h2 61. Kf3 Kxa5 62. Kg2 Kb4 63. Ne4 b6 64. Kxh2 Kc4 65. Nd6+ Kd5 66. Nb5
Nd4 67. Nc3+ Kc4 68. Ne4 Nf5 69. Kg2 Kd4 70. Ng5 b5 71. Kf2 Kd3 72. Ne6 b4 73.
Nc5+ Kc4 74. Ne4 Kd4 75. Nd2 Kd3 76. Ke1 Ne3 77. Nb3 Kc4 78. Nd2+ Kc3 79. Ke2
Nc4 80. Ne4+ Kd4 81. Nf2 b3 82. Nd1 Kc5 83. Kd3 Kb4 84. Kd4 Nd6 85. Kd3 Nc4 86.
Kd4 Nb6 87. Kd3 Na4 88. Kd2 Ka3 89. Kc1 Ka2 90. Kd2 Ka1 91. Kc1 Nc5 92. Kd2
Ne4+ 93. Ke3 Nd6 94. Kd4 Ka2 95. Kc5 Nf5 96. Kb4 Ne3 97. Nc3+ Kb2 98. Ne2 Nd5+
99. Kc4 Ne3+ 100. Kb4 Nc2+ 101. Ka4 Na1 102. Nd4 1/2-1/2